000
00280nam a22001337a 4500
003
SGT
020
_a
9780465061884
082
_a
327.2
_b
CAH
100
_a
CAHILL KEVIN M
245
_a
PREVENTIVE DIPLOMACY
260
_a
USA
_b
BASIC BOOKS
_c
1996
300
_a
370
942
_2
ddc
_c
BK
999
_c
33443
_d
33443